Modrožlutí ďáblové : (Záznam č. 10713)

Podrobnosti MARC
000 -Návěští
Řídící pole kódované 24B 00825nam a2200205 a 4500
001 - Kontrolní číslo
Řídící pole proměnné 4214400000020307
005 - Datum posledního zpracování
Řídící pole 16B 20180118194559.0
008 - Údaje pevné délky
Řídící pole kódované 40B 0723s2006----xr ---------u-------cze-d
020 ## - ISBN
ISBN 80-86969-11-8 :
Dostupnost 238.00 Kč
040 ## - Zdroj katalogizace-agentura
Agentura původní katalogizace abg508
Použitá pravidla popisu AACR2
-- 1
Jazyk katalogizace cze
100 1# - Hlavní záhlaví - osobní jméno autora
Osobní jméno Nahrang, Frauke
Kód role aut
245 10 - Údaje o názvu
Název Modrožlutí ďáblové :
Další údaje o názvu Snad nejtěžší sezona v životě.
Číslo části/sekce díla 2. /
Údaj o odpovědností, atd. Frauke Nahrang ; ilustrace Betina Gotzen-Beeková ; z originálu přeložil Michal Jiříček
260 ## - Nakladatelské údaje
Místo vydání Praha :
Jméno nakladatele Thovt,
datum vydání 2006
300 ## - Fyzický popis
Rozsah 114 s., ilustr.
500 ## - Všeobecná poznámka
Text obecné poznámky Od 9 let
653 ## - Rejstříkový termín - volně tvořený
Volně tvořený termín fotbal
-- rodina
-- přátelé
-- dobrodružný příběh
700 1# - Vedlejší záhlaví - osobní jméno autora
Osobní jméno Gotzen-Beek, Betina,
Datumy související se jménem 1965-
Kód role ill
700 1# - Vedlejší záhlaví - osobní jméno autora
Osobní jméno Jiříček, Michal
Kód role trl
910 ## - Údaje o vlastníkovi jednotky (exempláře)
Sigla vlastníka jednotky abg508
980 ## - ZClavia
-- M 2/3
-- 20080723
-- 8
-- Kalen-knihkupectví Roztoky
-- 29/2008
-- 238.00
-- 214.20
-- 421440044741
-- K
-- VO
Jednotky
Stav ztráty Stav poškození
   

Používáme knihovní systém Koha